International Criminal Court on the spot and Sudan on trial: A critical evaluation of the Rome Statute system Sudan's Presidency/ (Record no. 3990)

000 -LEADER
fixed length control field 00472nam a22001457a 4500
003 - CONTROL NUMBER IDENTIFIER
control field OSt
005 - DATE AND TIME OF LATEST TRANSACTION
control field 20180605120833.0
008 - FIXED-LENGTH DATA ELEMENTS--GENERAL INFORMATION
fixed length control field 180605b xxu||||| |||| 00| 0 eng d
050 ## - LIBRARY OF CONGRESS CALL NUMBER
Classification number RUSC KZ7312.A36 2017
100 ## - MAIN ENTRY--PERSONAL NAME
Personal name Ahmed, O. Hassan
245 ## - TITLE STATEMENT
Title International Criminal Court on the spot and Sudan on trial: A critical evaluation of the Rome Statute system Sudan's Presidency/
Statement of responsibility, etc Hassan Osama Ahmed
260 ## - PUBLICATION, DISTRIBUTION, ETC. (IMPRINT)
Place of publication, distribution, etc Nairobi
Date of publication, distribution, etc 2017
300 ## - PHYSICAL DESCRIPTION
Extent 37p
Dimensions 24cm
942 ## - ADDED ENTRY ELEMENTS (KOHA)
Source of classification or shelving scheme
Koha item type Research Project
Holdings
Withdrawn status Lost status Source of classification or shelving scheme Damaged status Not for loan Home library Current library Shelving location Date acquired Total Checkouts Full call number Barcode Date last seen Price effective from Koha item type
          Riara University Library Riara University Library Special Collection 05/06/2018   RUSC KZ7312.A36 2017 10029/18 05/06/2018 05/06/2018 Research Project

Riara University Library,
P.O. Box 49940-00100,
Nairobi, Kenya.